000 00383nam a22001697a 4500
003 MPLRDC
005 20220104142912.0
008 210129b ||||| |||| 00| 0 eng d
082 _a192.32 YZ
100 _a玉竹编译
245 _a说话的艺术
_c
260 _a
_b信宏出版社
_c1981
300 _b
490 _a修养系列
650 _a
942 _cBK
_o192.32 YZ
999 _c34713
_d34703